Generazioni dei Pokémon - Quiz n°31 - Statistics

Statistiche generali
  • Questo quiz è stato fatto 5 volte
  • Il punteggio medio è 10 su 15
Statistiche sulle risposte
Hint Risposta % Corretto
Flapple Ottava
80%
Wigglytuff Prima
80%
Jigglypuff Prima
80%
Pidgeotto Prima
80%
Crocalor Nona
60%
Corviknight Ottava
60%
Rookidee Ottava
60%
Zacian Ottava
60%
Golem Prima
60%
Golurk Quinta
60%
Donphan Seconda
60%
Floette Sesta
60%
Registeel Terza
60%
Poochyena Terza
60%
Bergmite Sesta
40%
Nessun quiz corrispondente trovato
Distribuzione punteggi
Percentuale di utenti per punteggio
Percentile per numero di risposta
I tuoi punteggi nel tempo
Non hai fatto questo quiz